Type the letter fast two times - Statistics

General Stats
  • This quiz has been taken 135 times
    134 since last reset
  • The average score is 16 of 20
Answer Stats
Hint Answer % Correct
O OO
95%
S SS
89%
C CC
86%
K KK
86%
U UU
86%
A AA
85%
I II
85%
N NN
85%
R RR
85%
T TT
85%
M MM
84%
Q QQ
84%
D DD
80%
H HH
79%
L LL
78%
J JJ
76%
X XX
76%
V VV
75%
Y YY
75%
B BB
72%
E EE
71%
W WW
71%
H HH
70%
P PP
70%
F FF
63%
Z ZZ
62%
No matching quizzes found
Score Distribution
Percent of People with Each Score
Percentile by Number Answered
Your Score History
You have not taken this quiz since the last reset